Theology of relationships (Record no. 22994)
[ view plain ]
| 000 -LEADER | |
|---|---|
| fixed length control field | 00486cam a2200193 i 4500 |
| 020 ## - INTERNATIONAL STANDARD BOOK NUMBER | |
| ISBN | 9788184656459 |
| 020 ## - INTERNATIONAL STANDARD BOOK NUMBER | |
| ISBN | 8184656459 |
| 082 ## - DEWEY DECIMAL CLASSIFICATION NUMBER | |
| Classification number | 261 |
| Author Cutter | DSO |
| 100 1# - MAIN ENTRY--AUTHOR NAME | |
| Author name | D'Souza, Andreas, |
| 245 10 - TITLE STATEMENT | |
| Title | Theology of relationships |
| 260 ## - PUBLICATION, DISTRIBUTION, ETC. (IMPRINT) | |
| Place of publication | Delhi |
| Name of publisher | ISPCK |
| Year of publication | 2018 |
| 300 ## - PHYSICAL DESCRIPTION | |
| Number of Pages | xxviii, 56 pages ; |
| 650 #0 - SUBJECT ADDED ENTRY--TOPICAL TERM | |
| Topical Term | Interpersonal relations |
| 650 #0 - SUBJECT ADDED ENTRY--TOPICAL TERM | |
| Topical Term | Theology, Doctrinal. |
| 650 #0 - SUBJECT ADDED ENTRY--TOPICAL TERM | |
| Topical Term | Liberation theology |
| 650 #0 - SUBJECT ADDED ENTRY--TOPICAL TERM | |
| Topical Term | Christianity and other religions. |
| 942 ## - ADDED ENTRY ELEMENTS (KOHA) | |
| Koha item type | Books |
| Home library | Current library | Shelving location | Date acquired | Source of acquisition | Cost, normal purchase price | Full call number | Accession Number | Koha item type |
|---|---|---|---|---|---|---|---|---|
| Henry Martyn Institute Library | Henry Martyn Institute Library | General stacks | 06/22/2020 | ISPCK | 175.00 | 261 DSO | 11-4441 | Books |
| Henry Martyn Institute Library | Henry Martyn Institute Library | General stacks | 06/22/2020 | ISPCK | 175.00 | 261 DSO | 11-4440 | Books |
